Construction materials : their nature and behaviour (Record no. 101356)
[ view plain ]
| 000 -LEADER | |
|---|---|
| fixed length control field | 01009cam a2200229 4500 |
| 008 - FIXED-LENGTH DATA ELEMENTS--GENERAL INFORMATION | |
| fixed length control field | 000000n2001 000 0 eng u |
| 020 ## - INTERNATIONAL STANDARD BOOK NUMBER | |
| International Standard Book Number | 0419258604 |
| 022 ## - INTERNATIONAL STANDARD SERIAL NUMBER | |
| International Standard Serial Number | 0203478983 |
| 035 ## - SYSTEM CONTROL NUMBER | |
| System control number | (Sirsi) u112074 |
| 100 ## - MAIN ENTRY--PERSONAL NAME | |
| Personal name | Illston, J.M. |
| 245 ## - TITLE STATEMENT | |
| Title | Construction materials : their nature and behaviour |
| 250 ## - EDITION STATEMENT | |
| Edition statement | 3rd ed. |
| 260 ## - PUBLICATION, DISTRIBUTION, ETC. | |
| Place of publication, distribution, etc. | London |
| Name of publisher, distributor, etc. | Spon Press |
| Date of publication, distribution, etc. | 2001 |
| 300 ## - PHYSICAL DESCRIPTION | |
| Extent | xxvii, 554p. ; 24cm. |
| 350 ## - PRICE (NR) (BK AM CF MU VM SE) [OBSOLETE] | |
| Price | 24.99 |
| 520 ## - SUMMARY, ETC. | |
| Summary, etc. | The third edition of the textbook provides coverage of the main construction materials for undergraduates, graduates and professionals. Materials covered include metals and alloys, concrete, bituminous materials, brickwork and blockwork, polymers, fibre composites and timber. An introductory 'fundamentals' section provides a materials science approach to the structure and behaviour of materials in general. |
| 650 ## - SUBJECT ADDED ENTRY--TOPICAL TERM | |
| Topical term or geographic name entry element | BUILDING COMPONENTS |
| 650 ## - SUBJECT ADDED ENTRY--TOPICAL TERM | |
| Topical term or geographic name entry element | TECHNOLOGY |
| 690 ## - LOCAL SUBJECT ADDED ENTRY--TOPICAL TERM (OCLC, RLIN) | |
| Topical term or geographic name as entry element | BUILT ENVIRONMENT-BUILDING MATERIALS |
| 700 ## - ADDED ENTRY--PERSONAL NAME | |
| Personal name | Domone, P.L.J. |
| 942 ## - ADDED ENTRY ELEMENTS (KOHA) | |
| Suppress in OPAC | 0 |
| Withdrawn status | Lost status | Source of classification or shelving scheme | Damaged status | Not for loan | Home library | Current library | Shelving location | Date acquired | Cost, normal purchase price | Total Checkouts | Full call number | Barcode | Date last seen | Date last checked out | Copy number | Cost, replacement price | Price effective from | Koha item type |
|---|---|---|---|---|---|---|---|---|---|---|---|---|---|---|---|---|---|---|
| Dewey Decimal Classification | London | London | Books | 24/09/2001 | 23.79 | 10 | 691 ILL | 30064936 | 06/08/2019 | 05/08/2008 | 1 | 23.79 | 06/08/2019 | Book |